000 01190nam a2200349 a 4500
001 000115383
003 CHAP
005 20220329144532.0
008 190516s2018 mx |r| ||||||spa d
010 _a111844
011 _a112816
020 _a9786071655745
040 _cCHAP
082 0 4 _a320.972
_bL92
100 1 _aLópez Noriega, Saúl.
_9135615
245 1 0 _aPacto por México /
_cpor Saúl López Noriega y Rodrigo Velázquez López Velarde.
260 _aCiudad de México :
_bFCE,
_c2018.
300 _a112 p.
490 _aAdministración pública.
_pSerie reformas estructurales
590 _aBATCH-UPD
_b05
_c20190516
_lUCH01
_h1401
590 _aE11695DGD
_b10
_c20190520
_lUCH01
_h0948
590 _aE11695DGD
_b10
_c20190520
_lUCH01
_h0953
590 _aE5765TAJ
_b05
_c20190516
_lUCH01
_h1400
650 1 4 _aAdministración pública
_zMéxico.
_9944
650 1 4 _aLeyes y legislación
_zMéxico.
_9135617
651 _aMéxico
_xPolítica y gobierno
_xReformas
_ySiglo XXI
_9135621
700 1 _aVelázquez López Velarde, Rodrigo.
_9135616
830 0 _aAdministración pública.
_pSerie reformas estructurales
_9135622
901 _aBK
942 _cLIBRO
942 _n0
999 _c111844
_d111844